| 000 | 01950cam a2200313 a 4500 | ||
|---|---|---|---|
| 999 |
_c1092 _d1092 |
||
| 001 | .b14651555 | ||
| 003 | OSt | ||
| 005 | 20210531115036.0 | ||
| 008 | 200326s2019 wau 000 1 eng d | ||
| 020 | _a9781503904910 | ||
| 035 | _a(OCoLC)on1061820200 | ||
| 040 |
_aYDX _beng _cYDX _erda _dBDX _dOCLCQ _dUKMGB _dOCLCO _dOCLCF _dOR6 _dIHI _dLNC _dIHX _dTNH _dUAP _dGZW _dOCLCO _dCNCAR _dWSD _dILC _dOCLCO _dB@L _dNZHWP _dOCLCO _dNZLPP _dOCLCO _dPUL _dUPM _dK#T _dOCLCO _dZQP _dOCLCO _dWYBPB _dOCLCO _dUPM _dOCLCO _dJZ7 _dHZR _dBAZ _dSOM _dLKC _dBYV _dKYC _dOCL _dOCLCQ _dOCLCO _dSSH _dOCLCO _dDLC _dCC4KG _dKH8 |
||
| 042 | _anbic | ||
| 082 | _aFIC VAN | ||
| 100 | 1 |
_aVanderah, Glendy. _eauthor |
|
| 245 | 1 | 0 |
_aWhere the forest meets the stars / _cGlendy Vanderah. |
| 250 | _a1st ed. | ||
| 260 |
_aSeattle : _bLake Union Publishing, _cc2019. |
||
| 300 |
_a321 p. ; _c22 cm. |
||
| 520 | _aA mysterious child teaches two strangers how to love and trust again. After the loss of her mother and her own battle with breast cancer, Joanna Teale returns to her graduate research on nesting birds in rural Illinois, determined to prove that her recent hardships have not broken her. When a mysterious child who shows up at her cabin, barefoot and covered in bruises, Joanna enlists the help of her reclusive neighbor, Gabriel Nash, to solve the mystery of the charming child. But the more time they spend together, the more questions they have. How does a young girl not only read but understand Shakespeare? Why do good things keep happening in her presence? And why aren't Jo and Gabe checking the missing children's website anymore? Though the three have formed an incredible bond, they know difficult choices must be made. | ||
| 650 | 0 |
_aGifted children _vFiction. |
|
| 650 | 0 |
_aOrnithologists _vFiction. |
|
| 650 | 0 |
_aFamilies _vFiction. |
|
| 650 | 0 |
_aForgiveness _vFiction. |
|
| 650 | 0 |
_aTrust _vFiction. |
|
| 651 | 0 |
_aIllinois _vFiction. |
|
| 655 | 0 | _aDomestic fiction. | |
| 942 |
_2ddc _cFIC |
||